Statistics for Redneck 12 Days of Christmas Quiz

Click here to take the quiz!

General Stats

  • This quiz has been taken 216 times
  • The average score is 8 of 12

Answer Stats

Day Gift % Correct
3Three Shotgun Shells
81%
1Some Parts to a Mustang GT
79%
2Two Huntin' Dogs
73%
5Five Flannel Shirts
71%
4Four Big Mud Tires
68%
10Tin of Copenhagen
61%
11Eleven Rasslin' Tickets
60%
9Nine Years Probation
60%
12Twelve Pack of Bud
54%
6Six Cans of Spam
54%
8Eight Table Dancers
53%
7Seven Packs of Red Man
47%

Score Distribution

Percentile by Number Answered

Percent of People with Each Score

Your Score History

You have not taken this quiz